Statistics for All 30 Ballon d’Or 2022 nominees.

Click here to take the quiz!

General Stats

  • This quiz has been taken 713 times
  • The average score is 23 of 30

Answer Stats

HintAnswer% Correct
Borussia Dortmund
(now Manchester City)
Erling Haaland
96%
Real MadridKarim Benzema
95%
Manchester CityKevin De Bruyne
95%
LiverpoolMohamed Salah
94%
PSGKylian Mbappe
93%
Tottenham HotspurHarry Kane
92%
LiverpoolSadio Mane
90%
Tottenham HotspurSon Heung-min
90%
Real MadridLuka Modric
89%
Bayern Munich
(now Barcelona)
Robert Lewandowski
89%
Real MadridVinicius Junior
88%
Benfica
(now Liverpool)
Darwin Nunez
85%
Liverpool/PortoLuis Diaz
84%
LiverpoolVirgil van Dijk
84%
Real MadridThibaut Courtois
82%
Manchester UnitedCristiano Ronaldo
80%
Manchester CityBernardo Silva
74%
AC MilanRafael Leao
73%
RB LeipzigChristopher Nkunku
69%
Manchester CityRiyad Mahrez
66%
Ajax
(now Borussia Dortmund)
Sebastien Haller
66%
Fiorentina/JuventusDusan Vlahovic
65%
LiverpoolTrent Alexander-Arnold
65%
Bayern MunichJoshua Kimmich
64%
Manchester CityPhil Foden
63%
Manchester CityJoao Cancelo
60%
Real MadridCasemiro
56%
AC MilanMike Maignan
49%
LiverpoolFabinho
41%
ChelseaAntonio Rudiger
37%

Score Distribution

Percentile by Number Answered

Percent of People with Each Score

Your Score History

You have not taken this quiz